[Event "Yogyakarta Japfa (Women)"]
[Site "Yogyakarta"]
[Date "2019.06.18"]
[Round "9"]
[White "Hanfin, Zahra Chumaira Amel"]
[Black "Gong, Qianyun"]
[Result "0-1"]
[WhiteElo "2112"]
[BlackElo "2381"]
[PlyCount "77"]
[EventDate "2019.06.13"]
[EventType "tourn"]
[EventRounds "11"]
[EventCountry "INA"]
[SourceTitle "CBM 191 Extra"]
[Source "ChessBase"]
[SourceDate "2019.09.30"]
[SourceVersion "1"]
[SourceVersionDate "2019.09.30"]
[SourceQuality "1"]

1. e4 e6 2. d4 d5 3. exd5 exd5 4. Bd3 Nc6 5. Nf3 Bd6 6. 0-0 Nge7 7. c3 Bg4 8. Nbd2 Qd7 9. Re1 0-0-0 10. b4 Ng6 11. Nb3 Rde8 12. Be2 Re7 13. Nc5 Bxc5 14. dxc5 Rhe8 15. Be3 f5 16. a4 f4 17. Bd2 Nh4 18. b5 Bxf3 19. Bxf3 Ne5 20. Rxe5 Nxf3+ 21. Qxf3 Rxe5 22. Qxf4 Re4 23. Qf3 d4 24. cxd4 Qxd4 25. Bc3 Qxc5 26. h3 g6 27. Rd1 Rxa4 28. Qf7 Qe7 29. Qb3 Re4 30. Kh1 Qc5 31. Qf7 Qxb5 32. Qxh7 Qc6 33. Qg7 b6 34. Ra1 a5 35. Bd2 R8e7 36. Qg8+ Kb7 37. Be3 Qe6 38. Qd8 Rd7 39. Qg5 0-1

[Event "Yogyakarta Japfa (Women)"]
[Site "Yogyakarta"]
[Date "2019.06.16"]
[Round "5"]
[White "Hanfin, Zahra Chumaira Amel"]
[Black "Fisabilillah, Ummi"]
[Result "0-1"]
[WhiteElo "2112"]
[BlackElo "2201"]
[PlyCount "108"]
[EventDate "2019.06.13"]
[EventType "tourn"]
[EventRounds "11"]
[EventCountry "INA"]
[SourceTitle "CBM 191 Extra"]
[Source "ChessBase"]
[SourceDate "2019.09.30"]
[SourceVersion "1"]
[SourceVersionDate "2019.09.30"]
[SourceQuality "1"]

1. e4 e6 2. d4 d5 3. exd5 exd5 4. Bd3 Nc6 5. c3 Bd6 6. Nf3 Bg4 7. 0-0 Qd7 8. Re1+ Nge7 9. Nbd2 0-0-0 10. b4 Rde8 11. Nb3 Ng6 12. Be2 Nd8 13. Nc5 Bxc5 14. dxc5 Ne6 15. Ne5 Nxe5 16. Bxg4 Nxg4 17. Qxg4 Nxc5 18. Qd1 Rxe1+ 19. Qxe1 Re8 20. Qd1 Ne6 21. Be3 a6 22. Qd3 g6 23. a4 c6 24. Rb1 Ng7 25. h3 Nf5 26. Bb6 Qe6 27. Qd2 Qe4 28. Rc1 Nh4 29. Qg5 Nf5 30. Qf6 Qe7 31. Qxe7 Rxe7 32. Kf1 Nd6 33. Bc5 Kd7 34. f3 Re8 35. Kf2 a5 36. Rb1 Nc4 37. b5 b6 38. bxc6+ Kxc6 39. Bd4 Rb8 40. Ke2 b5 41. Kd3 Rb7 42. axb5+ Rxb5 43. Rxb5 Kxb5 44. Kc2 a4 45. f4 Nd6 46. Bf6 Kc4 47. Kb2 Nb5 48. Bg7 a3+ 49. Ka2 Nxc3+ 50. Kxa3 Ne4 51. Be5 d4 52. Kb2 Kd3 53. Kb3 Ke3 54. Kc4 d3 0-1

[Event "Cilacap PCNI Cup"]
[Site "Cilacap"]
[Date "2017.11.22"]
[Round "10"]
[White "Hanfin, Zahra Chumaira Amel"]
[Black "Monica, Putri Wigustira"]
[Result "1-0"]
[WhiteElo "1966"]
[BlackElo "2217"]
[PlyCount "68"]
[EventDate "2017.11.18"]
[EventType "tourn"]
[EventRounds "10"]
[EventCountry "INA"]
[SourceTitle "CBM 181 Extra"]
[Source "ChessBase"]
[SourceDate "2017.12.12"]
[SourceVersion "1"]
[SourceVersionDate "2017.12.12"]
[SourceQuality "1"]

1. e4 b6 2. d4 Bb7 3. Bd3 e6 4. c3 c5 5. Nf3 Nf6 6. Nbd2 Be7 7. 0-0 0-0 8. Re1 d5 9. e5 Nfd7 10. Nf1 Nc6 11. Bf4 Rc8 12. a3 cxd4 13. cxd4 Na5 14. Qe2 Nc4 15. b3 Nxa3 16. Rxa3 Bxa3 17. Bxh7+ Kh8 18. Ng5 g6 19. Qg4 Qe7 20. Qh4 Kg7 21. Nxe6+ fxe6 22. Bg5 Qxg5 23. Qxg5 Kxh7 24. Re3 Kg7 25. Rg3 Rf7 26. Qxg6+ Kf8 27. Qxe6 Rc6 28. Qg4 Ba6 29. h4 Rc1 30. Qg8+ Ke7 31. e6 Rxf1+ 32. Kh2 R1xf2 33. exf7 Rxf7 34. Re3+ Kd6 1-0